Statistics for All Island Countries From Richest to Poorest

Click here to take the quiz!

General Stats

  • This quiz has been taken 38 times
    (34 since last reset)
  • The average score is 38 of 48

Answer Stats

GDPHintCountry% Correct
$131.580SSingapore
100%
$124.600IIreland
93%
$48.820JJapan
93%
$61.940AAustralia
90%
$64.620IIceland
90%
$50.410NNew Zealand
90%
$68.730TTaiwan
90%
$54.670UUnited Kingdom
90%
$40.810BBahamas
87%
$17.400BBarbados
87%
$74.950BBrunei
87%
$21.890AAntigua and Barbuda
83%
$18.290GGrenada
83%
$11.800JJamaica
83%
$55.300MMalta
83%
$29.130SSaint Kitts and Nevis
83%
$16.510SSaint Lucia
83%
$15.500SSaint Vincent and the Grenadines
83%
$29.890TTrinidad and Tobago
83%
$2.850VVanuatu
83%
$48.440CCyprus
80%
$13.590FFiji
80%
$3.190HHaiti
80%
$25.040MMauritius
80%
$2.390SSolomon Islands
80%
$23.980DDominican Republic
77%
$3.340EEast Timor
77%
$2.150KKiribati
77%
$27.610MMaldives
77%
$10.750NNauru
77%
$4.190PPapua New Guinea
77%
$35.270SSeychelles
77%
$15.390SSri Lanka
77%
$57.430BBahrain
73%
$3.350CComoros
73%
$14.540DDominica
73%
$1.780MMadagascar
73%
$4.300MMarshall Islands
73%
$13.650PPalau
73%
$4.680SSão Tomé and Principe
73%
$6.780TTonga
73%
$5.800TTuvalu
73%
$14.490IIndonesia
70%
$3.660MMicronesia
70%
$10.240PPhilippines
70%
$7.740CCape Verde
67%
$13.600CCuba
67%
$5.990SSamoa
67%

Score Distribution

Percentile by Number Answered

Percent of People with Each Score

Your Score History

You have not taken this quiz since the last reset